logo

Bir Sreshtho Munshi Abdur Rouf Library
Jhenaidah Cadet College

Thermal engineering (Record no. 10003)

MARC details
000 -LEADER
fixed length control field 00822cam a2200253 4500
001 - CONTROL NUMBER
JCCL Control Number 10003
003 - CONTROL NUMBER IDENTIFIER
JCCL marc code BD-JhCC
005 - DATE AND TIME OF LATEST TRANSACTION
control field 20191214132833.0
008 - FIXED-LENGTH DATA ELEMENTS--GENERAL INFORMATION
fixed length control field 720331s1961 ru a 000 0 eng
035 ## - SYSTEM CONTROL NUMBER
system control number (BD-JhCC)10003
040 ## - CATALOGING SOURCE
Original cataloging agency DLC
Transcribing agency DLC
Modifying agency DLC
041 1# - LANGUAGE CODE
Language code of Book engrus
050 00 - LIBRARY OF CONGRESS CALL NUMBER
Classification number TJ260
Item number .O2413
082 ## - DEWEY DECIMAL CLASSIFICATION NUMBER
Classification number 600
Author mark and Year THE
240 00 - UNIFORM TITLE
Uniform title Obshchai︠a︡ teplotekhnika. English
245 00 - TITLE STATEMENT
Title Thermal engineering
Statement of responsibility, etc [by] I. Shvets [and others] Translated from the Russian by S. Semyonov and R. Fesenko. Translation editor: G. Leib.
260 ## - PUBLICATION, DISTRIBUTION, ETC. (IMPRINT)
Place of publication, distribution, etc Moscow,
Name of publisher, distributor, etc Peace Publishers
Date of publication, distribution, etc [1961]
300 ## - PHYSICAL DESCRIPTION
Pagination 483 p.
Other physical details illus.
Dimensions 22 cm.
500 ## - GENERAL NOTE
General note Translation of Obshchai︠a︡ teplotekhnika.
650 #0 - SUBJECT ADDED ENTRY--TOPICAL TERM
Topical term or geographic name as entry element Heat engineering.
700 1# - ADDED ENTRY--PERSONAL NAME
Personal name Shvet︠s︡ʹ, I. T.
Fuller form of name (Ivan Trokhymovych),
Dates associated with a name 1901-
942 ## - ADDED ENTRY ELEMENTS (KOHA)
Source of classification or shelving scheme Dewey Decimal Classification
Koha item type Books
Holdings
Source of classification or shelving scheme Damaged status Not for loan Home library Current library Shelving location Date of accession Total Checkouts Full call number Barcode Date last seen Copy number Koha item type
Dewey Decimal Classification     JCC Rouf Library JCC Rouf Library General Stacks 02/04/2018   600 THE 11160 04/04/2018 C-1 Books

JCC Library | Contacts | JCC Home

Last Update on 23 September 2017
Copyright @ 2017-2020 JCC Rouf Library
Rouf Library, Jhenidah Cadet College (JCC), Bangladesh